000 00968cab a2200265 4500
001 WB2708-47
008 090401t1991 xxu||||| |||| 00| 0 eng d
035 _a(Sirsi) u14476
041 _aeng
245 _aDOE investigates developer fees
260 _c1991
350 _a0
490 _aNew Civil Engineer
_vno 933 14/2/91 p 10
520 _aJohn Delafons report, "Development impact fees and other devices" which looks at the US system of development contributions, recommends a similar system be introduced in the UK whereby local authorities have the right to levy mandatory charges on developers to meet infrastructure costs .
650 _aAMENITIES
650 _aDOE
650 _aPLANNING AGREEMENTS
650 _aSECTION 52 AGREEMENTS
650 _aTOWN AND COUNTRY PLANNING ACT 1971 S52
650 _aTOWN AND COUNTRY PLANNING ACT 1990 S106
650 _aZONING
690 _aPLANNING LAW AND PRACTICE
942 _n0
948 _c04/03/1997
999 _c9435
_d9435